[Event "GER-ch U10 Girls"]
[Site "Willingen"]
[Date "2023.05.28"]
[Round "2"]
[White "Shynkar, Daria"]
[Black "Tiuca, Emma"]
[Result "1-0"]
[WhiteElo "1179"]
[BlackElo "1149"]
[PlyCount "123"]
[EventDate "2023.05.27"]
[EventType "swiss"]
[EventRounds "11"]
[EventCountry "GER"]
[SourceTitle "CBM 214 Extra"]
[Source "ChessBase"]
[SourceDate "2023.07.31"]
[SourceVersion "1"]
[SourceVersionDate "2023.07.31"]
[SourceQuality "1"]

1. d4 e6 2. c4 d5 3. Nc3 c6 4. b3 f5 5. Nf3 Nf6 6. Bg5 Be7 7. Qc2 Ne4 8. Bxe7 Qxe7 9. e3 Nd7 10. c5 0-0 11. Be2 Ndf6 12. 0-0 Nxc3 13. Qxc3 Ne4 14. Qc2 Bd7 15. Ne5 Rad8 16. Rab1 Qf6 17. b4 Rfe8 18. b5 Re7 19. bxc6 Bxc6 20. Nxc6 bxc6 21. Rb2 Qf8 22. Qa4 Rc7 23. Qa5 Rdc8 24. Rfb1 Qd8 25. Ba6 Ra8 26. f3 Ng5 27. Bb7 Rb8 28. Bxc6 Rxb2 29. Rxb2 Qc8 30. Ba4 h6 31. Qb4 Kh7 32. Qb8 Qxb8 33. Rxb8 Nf7 34. Bc2 Ng5 35. h4 Nf7 36. g4 g6 37. gxf5 gxf5 38. e4 fxe4 39. fxe4 dxe4 40. Bxe4+ Kg7 41. Rb7 Rc8 42. Rxa7 Rd8 43. Ra4 Rd7 44. Rb4 Ra7 45. a4 Rc7 46. a5 Ra7 47. Rb5 Rc7 48. Rb7 Rc8 49. a6 Ra8 50. Rxf7+ Kxf7 51. Bxa8 Ke7 52. a7 Kd7 53. Bc6+ Kxc6 54. a8Q+ Kb5 55. Qb7+ Kc4 56. c6 Kxd4 57. c7 Ke3 58. c8Q Kd2 59. Qbd7+ Ke2 60. Qc2+ Kf3 61. Qf7+ Ke3 62. Qff2# 1-0